BTS Like Animals - Lyrics - Statistics

General Stats
  • This quiz has been taken 5 times
  • The average score is 211 of 250
Answer Stats
Lyrics % Correct
a
100%
all
100%
All
100%
all,
100%
all)
100%
animals
100%
Baby,
100%
be
100%
can
100%
Do
100%
full
100%
full)
100%
go
100%
(Go
100%
Go
100%
have
100%
heart
100%
Heart
100%
(Heart,
100%
(Heart
100%
I
100%
If
100%
in
100%
into
100%
is
100%
is,
100%
it
100%
life
100%
me
100%
night
100%
night)
100%
oh)
100%
Oh,
100%
(Oh-oh-oh)
100%
Ooh-ooh-ooh
100%
Ooh-ooh-ooh-ooh
100%
So
100%
so
100%
Take
100%
(Take
100%
take
100%
the
100%
'til
100%
('Til
100%
wanna
100%
want,
100%
We
100%
we
100%
(We
100%
you
100%
(You
100%
you,
100%
your
100%
close
80%
deep
80%
dirt
80%
Don't
80%
Eat
80%
eyes
80%
I'm
80%
lay
80%
light
80%
my
80%
own
80%
There's
80%
this
80%
walkin'
80%
Yeah,
80%
Beauty
60%
control
60%
mess
60%
out
60%
outside
60%
(Outside)
60%
shadow's
60%
speak,
60%
Untameable
60%
untameable)
60%
what,
60%
with
60%
With
60%
world
60%
begging
40%
creatures
40%
fear
40%
of
40%
please
40%
that
40%
And
20%
are
20%
claws
20%
down
20%
fangs
20%
far
20%
feet
20%
hole
20%
made
20%
None
20%
sand
20%
see
20%
sharp
20%
should
20%
Six
20%
Somewhere
20%
tameable
20%
them
20%
us
20%
Got
0%
land
0%
Now
0%
whole
0%
wild
0%
No matching quizzes found
Score Distribution
Percent of People with Each Score
Percentile by Number Answered
Your Score History
You have not taken this quiz